Zoomed Pictures - Statistics

General Stats
  • This quiz has been taken 250 times
  • The average score is 9 of 15
Answer Stats
Picture Answer % Correct
apple
99%
Camera
95%
cat
93%
wave
82%
frog
79%
hand
78%
squirrel
77%
hamster
69%
flower
64%
coral
48%
oat
26%
tail light
23%
cactus
17%
bee
16%
bead
11%
No matching quizzes found
Score Distribution
Percent of People with Each Score
Percentile by Number Answered
Your Score History
You have not taken this quiz